LEADER 01139nam0-2200385---450 001 990009336110403321 005 20191004130012.0 010 $a978-88-568-2260-1 035 $a000933611 035 $aFED01000933611 035 $a(Aleph)000933611FED01 035 $a000933611 100 $a20110330d2010----km-y0itay50------ba 101 0 $aita 102 $aIT 105 $a--------001yy 200 1 $aEconomia dell'allevamento ovino da latte$eproduzione, trasformazione, mercato$fLorenzo Idda, Roberto Furesi, Pietro Pulina 210 $aMilano$cAngeli$dc2010 215 $a314 p.$d23 cm 225 1 $aEconomia$iRicerche$v784 610 0 $aAziende lattiero-casearie 610 0 $aPecore$aAllevamento 676 $a338.176 700 1$aIdda,$bLorenzo$074420 701 1$aFuresi,$bRoberto$0510587 701 1$aPulina,$bPietro$0510588 801 0$aIT$bUNINA$gRICA$2UNIMARC 901 $aBK 912 $a990009336110403321 952 $aH/1.224 IDD$fSES 952 $a60 338.176 IDDL 2010$b12653$fFAGBC 959 $aFAGBC 959 $aSES 996 $aEconomia dell'allevamento ovino da latte$9766805 997 $aUNINA LEADER 01251nam0 22003133i 450 001 SUN0121219 005 20190506125254.151 010 $d0.00 017 70$2N$a978-3-642-37267-4 100 $a20190506d2016 |0engc50 ba 101 $aeng 102 $aDE 105 $a|||| ||||| 200 1 $a*Wave Dynamics of Generalized Continua$fAlexander G. Bagdoev, Vladimir I. Erofeyev, Ashot V. Shekoyan 205 $aBerlin : Springer, 2016 210 $axiii$d274 p. ; 24 cm 215 $aPubblicazione in formato elettronico 410 1$1001SUN0107736$12001 $a*Advanced structured materials$v24$1210 $aHeidelberg$cSpringer. 620 $dBerlin$3SUNL000066 700 1$aBagdoev$b, Alexander G.$3SUNV093157$0764157 701 1$aErofeyev$b, Vladimir I.$3SUNV093158$0764158 701 1$aShekoyan$b, Ashot V.$3SUNV093159$0764159 712 $aSpringer$3SUNV000178$4650 801 $aIT$bSOL$c20200921$gRICA 856 4 $uhttp://link.springer.com/openurl?genre=book&isbn=978-3-642-37267-4 912 $aSUN0121219 950 $aBIBLIOTECA CENTRO DI SERVIZIO SBA$d15CONS SBA EBOOK 3636 $e15EB 3636 20190506 996 $aWave Dynamics of Generalized Continua$91551219 997 $aUNICAMPANIA